Countries that Beat North Korea - Statistics

General Stats
  • This quiz has been taken 34,611 times
    34,428 since last reset
  • The average score is 12 of 15
Answer Stats
Rank Category Country % Correct
4 Most mentioned enemy of the USA in a 2020 Gallup Poll Russia | China | Iran
98%
4 Largest active military personnel China | India | United States
97%
5 Country recognized by the fewest other countries
* Among the 196 official JetPunk countries
Taiwan | Kosovo | Israel | China
85%
4 Easternmost point on a continental mainland Russia | China | Australia
84%
8 Most corrupt country[1] Somalia | South Sudan | Syria | Yemen | Venezuela | Afghanistan | Sudan
82%
2 Happiest country (according to North Korea) China
79%
2 Country with the most main battle tanks Russia
79%
3 Largest country by area with a cardinal direction in its name South Africa | South Sudan
78%
8 (t) Asian country with the worst passport
* By number of countries you can visit with no visa
Afghanistan | Iraq | Syria | Pakistan | Yemen | Iran
77%
9 (t) Country with the shortest international border
* Excluding external territories
Botswana-Zambia | Italy-Vatican City | France-Monaco | Turkey-Azerbaijan
75%
7 Poorest country (GDP, PPP, 2020) Burundi | Somalia | Central African Republic | D.R. Congo | Liberia | Malawi
75%
7 Country containing the biggest urban area beginning with the letter P France | United States | India | Brazil | Mexico | Haiti
72%
15 Largest country by area less populous than all bordering countries Canada | Libya | Mongolia | Mauritania | Botswana | Turkmenistan | Papua New Guinea | Paraguay | Norway | Ecuador | Kyrgyzstan | Uruguay | Suriname | Nepal
68%
2 Least populous country with nuclear weapons Israel
68%
5 Country with the lowest percent of Christians that is not majority Muslim Nepal | Bhutan | Cambodia | Thailand
47%
No matching quizzes found
Score Distribution
Percent of People with Each Score
Percentile by Number Answered
Your Score History
You have not taken this quiz since the last reset